Municipalities of Taitung County - Statistics

General Stats
  • This quiz has been taken 10 times
  • The average score is 15 of 16
Answers on the Map
Answers color-coded by a green-red scale on the quiz's map according to % correct below.
 
Answer Stats
Answer % Correct
Chishang 池上
100%
Lanyu 蘭嶼
100%
Luye 鹿野
100%
Taimali 太麻里
100%
Taitung 臺東
100%
Beinan 卑南
89%
Changbin 長濱
89%
Chenggong 成功
89%
Daren 達仁
89%
Dawu 大武
89%
Donghe 東河
89%
Guanshan 關山
89%
Haiduan 海端
89%
Jinfeng 金峰
89%
Yanping 延平
89%
Lyudao 綠島
67%
No matching quizzes found
Score Distribution
Percent of People with Each Score
Percentile by Number Answered
Your Score History
You have not taken this quiz